| 000 | 00760nam a2200253Ia 4500 | ||
|---|---|---|---|
| 003 | OSt | ||
| 005 | 20220927105437.0 | ||
| 006 | a|||||r|||| 00| 0 | ||
| 007 | ta | ||
| 008 | 220926b |||||||| |||| 00| 0 eng d | ||
| 024 | _a173210 | ||
| 037 | _cReference Collections | ||
| 040 |
_aRTL _cRTL _beng |
||
| 041 |
_2eng _aeng |
||
| 082 | _a"X71.235 P03<-P02, P2" | ||
| 110 |
_a"MAHARASHTRA, (Govt. of-)." _9372573 |
||
| 245 | 0 | _a"Civil budget estimates, 2002-03." | |
| 260 |
_aMumbai _bGovt. of Maharashtra. _c2002 |
||
| 300 |
_aA-361p. _ccm. |
||
| 500 | _aPart III-Appendix A. | ||
| 700 |
_a"MAHARASHTRA, (Govt. of-)." _9372574 |
||
| 942 |
_h"X71.235 P03<-P02, P2" _cCC |
||
| 999 |
_c692591 _d692591 |
||